00756nam a2200181 i 450000100060000000300090000600500170001500700030003200800410003510000320007624501380010826000750024630000320032170000500035385200320040399900170043595201220045272049ES-MaACL20251009181452.0t|040825s1968 sp ||||1| spa d1 aGil Merino, Antonio.95684410aArchivo histórico del Reino de Galicia b: guía del investigador /cpor Antonio Gil Merino ; prólogo, Antonio Matilla Tascón. aLa Coruña : bDirección General de Archivos y Bibliotecas, c1968. a130 p., 3 lám. ; c22 cm.1 aMatilla Tascón, Antonio, d1914-2001979079 aES-MaACLjC-46984 bR.66439 c72049d72049 00104070aATENEOMbATENEOMcDEPO2d2008-01-17eSCl0oC-46984p1075421r2023-02-23 00:00:00w2023-02-23yMONOGRAFIA